Využitie nástrojov marketingového mixu v konkrétnej firme bakalárska práca

Guardado en:
Detalles Bibliográficos
Autor principal: Macharová, Kristína
Autor Corporativo: Obchodná fakulta EU. Katedra marketingu
Otros Autores: Korčoková, Marína, 1970-
Formato: Libro
Lenguaje:eslovaco
Publicado: Bratislava 2019
Etiquetas: Agregar Etiqueta
Sin Etiquetas, Sea el primero en etiquetar este registro!

MARC

LEADER 00000nbm a2200000 4500
001 0255663
005 20190703101259.5
041 0 |a slo 
044 |a SK 
245 1 0 |a Využitie nástrojov marketingového mixu v konkrétnej firme  |b bakalárska práca  |c Kristína Macharová ; školiteľ: Marína Korčoková 
264 1 |a Bratislava  |c 2019 
300 |a 55 s. 
100 1 |a Macharová, Kristína 
700 1 |a Korčoková, Marína, 1970- 
710 2 |a Obchodná fakulta EU. Katedra marketingu